Logic, language and computation

Saved in:
Bibliographic Details
Other Authors: Seligman, Jerry 1964- (Editor), Westerstahl, Dag 1946- (Editor), Cavedon, Lawrence 1964- (Editor)
Format: Book
Language:English
Published: Stanford, California : Center for the Study of Language and Information, c1996-c2000
Series:CSLI lecture notes ; ; no.111
Subjects:
Tags: Add Tag
No Tags, Be the first to tag this record!

MARC

LEADER 00000nam a2200000 i 4500
001 1/66190
008 041119m19962000 eng d
020 |a 1-57586-267-0 
035 |l 10075354 
040 |a GR-MY-UA  |b gre  |e aacr 
041 0 |a eng 
082 0 |a 410.285  |2 (21) 
245 1 0 |a Logic, language and computation /  |c edited by Jerry Seligman and Dag Westerstahl 
260 |a Stanford, California :   |b Center for the Study of Language and Information,   |c c1996-c2000 
300 |a 3v.;  |b ill.;  |c 24 cm 
490 1 |a CSLI lecture notes  |v ; no.111 
504 |a Includes bibliographical references and indexes 
505 0 |a v.3: Edited by Lawrence Cavedon and others 
650 0 0 |a Language and logic. 
650 0 0 |a Logic, Symbolic and mathematical. 
650 0 0 |a Computational linguistics. 
700 1 |a Seligman, Jerry  |d 1964-  |4 edt 
700 1 |a Westerstahl, Dag  |d 1946-  |4 edt 
700 1 |a Cavedon, Lawrence  |d 1964-  |4 edt 
830 0 |a CSLI lecture notes ;  |v ; no.111 
852 |a INST  |b RHODES  |e 20041119  |h 410.285 LOG  |p 005400017991  |q 005400017991  |t BK  |y 0  |z v.3 
852 |a INST  |b RHODES  |e 20041119  |h 410.285 LOG  |p 005400017991  |q 005400017991  |t BK  |v v.3:  |y 0  |z v.3 
853 |a INST  |b RHODES  |h 410.285 LOG 
901 |a BIBL4-2004-3 
909 |a Ρ  |b 116441 
922 |a 4ΕΛΗ  |b 200402  |c ΕΠΕΑΕΚ2/ΤΕΠΑΕΣ  |d ΜΙΧΑΛΟΠΟΥΛΟΣ 
950 |a 096-2004-10-04 
970 |a ΧΟΡΟΖΙΔΟΥ  |b ΤΖΕΝΗ  |z 2004/11/26